Pierre Garnier - Comment faire [paroles] - Statistiques

Statistiques générales
  • Ce quiz a été pris 30 fois
  • Le résultat moyen est 70 sur 81
Statistiques - réponses
Réponse % Correct
à
100%
avant
100%
comment
100%
(comment
100%
d’avoir
100%
faire
100%
faire ?)
100%
le
100%
mal ?
100%
mal
100%
ne
100%
on
100%
pas
100%
perd
100%
quand
100%
qu’on
100%
se
100%
te
100%
temps
100%
ce
96%
dire
96%
me
96%
sait
96%
si
96%
apprend
92%
avec
92%
des
92%
est-ce
92%
et
92%
je
92%
m’entends
92%
sais
92%
tu
92%
(tu
92%
voit
92%
ça
88%
fait
88%
j’ai
88%
longtemps
88%
mots
88%
poser
88%
que
88%
ressent ?
88%
sur
88%
avoir
83%
choses
83%
comprendre
83%
du
83%
j’avais
83%
laissé
83%
manques
83%
puis
83%
taire
83%
combien
79%
d’y
79%
encore
79%
instant
79%
j’aurais
79%
mentir
79%
penser
79%
reposes
79%
reprendre
79%
t’attendre
79%
un
79%
voir
79%
comprends
75%
défiler
75%
même
75%
seul
75%
voulu
75%
j’attends
71%
j’attends)
71%
j’suis
71%
maintenant
71%
m’fait
71%
moi
71%
sourire
71%
c’était
63%
reviendras
63%
tôt
63%
trop
63%
Aucun quiz correspondant
Distribution des résultats
% des personnes avec chaque résultat
Percentile par nombre de réponses
Votre historique - résultats
Vous n’avez pas pris ce quiz